Energetická, finanční a potravinová krize

Pojem "3F Kríza" - pre energetickú. finančnú a potravinovú krízu. Táto trojitá kríza spôsobuje turbulenciu svetového hospodárstva. Príspevok poukazuje na súvislosti medzi jednotlivými krízami a prezentuje možné návrhy riešenia.

Saved in:
Bibliographic Details
Main Author: Čurlejová, Libuša
Format: Book Chapter
Language:Slovak
Subjects:
Tags: Add Tag
No Tags, Be the first to tag this record!

MARC

LEADER 00000nla$a2200000$$$4500
001 0101687
005 20240502083246.1
041 0 |a slo 
044 |a CZ 
245 1 0 |a Energetická, finanční a potravinová krize  |c Libuša Čurlejová 
520 |a Pojem "3F Kríza" - pre energetickú. finančnú a potravinovú krízu. Táto trojitá kríza spôsobuje turbulenciu svetového hospodárstva. Príspevok poukazuje na súvislosti medzi jednotlivými krízami a prezentuje možné návrhy riešenia. 
610 2 0 |a kríza finančná 
610 2 0 |a kríza energetická 
610 2 0 |a potraviny 
610 2 0 |a svet 
100 1 |a Čurlejová, Libuša